טוען...
Jayashankar Prasad aur Mohan Rakesh ke natakon mein samvad yojana/
| מחבר ראשי: | |
|---|---|
| פורמט: | Printed Book |
| יצא לאור: |
Madura:
Jawahar Pusthakalaya,
2008.
|
| נושאים: |
| LEADER | 00519 a2200145 4500 | ||
|---|---|---|---|
| 008 | |||
| 020 | |a 818111079 | ||
| 100 | |a Shanthamma,M. | ||
| 245 | |a Jayashankar Prasad aur Mohan Rakesh ke natakon mein samvad yojana/ |c M. Shanthamma | ||
| 260 | |a Madura: |b Jawahar Pusthakalaya, |c 2008. | ||
| 300 | |a 215p. | ||
| 650 | 0 | |a Natak Alochana | |
| 942 | |2 ddc |c BK | ||
| 999 | |c 237745 |d 237745 | ||
| 952 | |0 0 |1 0 |4 0 |6 891_432090000000000_SAN_J |7 0 |9 263998 |a HIN |b HIN |c S-25 |d 2011-06-10 |g 250.00 |i 21361 |l 0 |o 891.43209 SAN/J |p HIN21361 |r 2014-02-07 |w 2018-08-23 |y BK | ||